[Event "43. Olimpiada Batumi 2018 Femenina"]
[Site "Batumi GEO"]
[Date "2018.10.01"]
[Round "7.2"]
[White "Latreche, Sabrina"]
[Black "Otikova, Elina"]
[Result "1-0"]
[WhiteElo "2056"]
[BlackElo "2123"]
[PlyCount "127"]
[EventDate "2018.09.24"]
[EventType "team-swiss"]
[EventRounds "11"]
[EventCountry "GEO"]
[SourceTitle "Ajedrez en Madrid"]
[Source "lmi"]
[SourceDate "2018.09.24"]
[WhiteTeam "Algeria"]
[BlackTeam "Latvia"]
[WhiteTeamCountry "ALG"]
[BlackTeamCountry "LAT"]

1. e4 e5 2. Nf3 Nc6 3. d4 exd4 4. Nxd4 Nf6 5. Nc3 Bb4 6. Nxc6 bxc6 7. Bd3 O-O
8. O-O d5 9. exd5 cxd5 10. Bg5 c6 11. Qf3 Be7 12. h3 h6 13. Bf4 Bd6 14. Rfe1
Rb8 15. Rab1 Be6 16. Ne2 c5 17. Ng3 Bxf4 18. Qxf4 Rb4 19. Qd2 Qb8 20. c3 Rb6
21. Bf5 Rd8 22. Re2 d4 23. Bxe6 fxe6 24. c4 d3 25. Re3 Qf4 26. b3 e5 27. Rd1
Rbd6 28. Qa5 h5 29. Qxc5 h4 30. Rf3 Qd4 31. Qxd4 Rxd4 32. Nf5 R4d7 33. Re3 e4
34. Nxh4 a5 35. g4 g5 36. Nf5 a4 37. f3 axb3 38. axb3 exf3 39. Rxf3 d2 40. Re3
Ra8 41. Kf2 Ra2 42. Ke2 Rb2 43. Ne7+ Kf7 44. Nc6 Rb7 45. b4 R7xb4 46. Nxb4 Rxb4
47. Kd3 Nd7 48. Kc3 Ra4 49. Rxd2 Nb6 50. Rf2+ Kg7 51. Re7+ Kg8 52. Re4 Kg7 53.
Kb3 Ra1 54. Re7+ Kg8 55. Re6 Rb1+ 56. Kc2 Rb4 57. Rc6 Rxc4+ 58. Rxc4 Nxc4 59.
Kd3 Nd6 60. Rf6 Nf7 61. Ke4 Nh8 62. Kf5 Kg7 63. Kxg5 Kh7 64. Rh6+ 1-0

[Event "43. Olimpiada Batumi 2018 Femenina"]
[Site "Batumi GEO"]
[Date "2018.10.01"]
[Round "7.3"]
[White "Krumina, Linda"]
[Black "Toubal, Hayat"]
[Result "1-0"]
[WhiteElo "2081"]
[BlackElo "1862"]
[PlyCount "127"]
[EventDate "2018.09.24"]
[EventType "team-swiss"]
[EventRounds "11"]
[EventCountry "GEO"]
[SourceTitle "Ajedrez en Madrid"]
[Source "lmi"]
[SourceDate "2018.09.24"]
[WhiteTeam "Latvia"]
[BlackTeam "Algeria"]
[WhiteTeamCountry "LAT"]
[BlackTeamCountry "ALG"]

1. d4 d5 2. c4 c6 3. Nc3 Nf6 4. cxd5 cxd5 5. Bf4 Nc6 6. e3 a6 7. Bd3 e6 8. Nf3
h6 9. Ne5 Bd6 10. Rc1 Bxe5 11. Bxe5 Nxe5 12. dxe5 Nd7 13. f4 Qb6 14. Qe2 Qb4
15. O-O Qe7 16. Bb1 Nb6 17. Rf3 Bd7 18. Rg3 g6 19. Rd1 O-O-O 20. Qf2 Bc6 21. e4
Qc7 22. exd5 Nxd5 23. Ne4 Kb8 24. Nd6 Rd7 25. Rc1 Qa5 26. Rb3 Ka8 27. Be4 Qa4
28. Nc4 Kb8 29. Bxd5 Rxd5 30. Nb6 Qd4 31. Nxd5 Qxf2+ 32. Kxf2 Bxd5 33. Rbc3 Bc6
34. Rd1 Bd5 35. a3 Rd8 36. g4 Rg8 37. Rdc1 Bc6 38. Rd1 Bd5 39. Rc5 Bc6 40. Rd6
Rc8 41. b4 Ka7 42. a4 Kb6 43. Ke3 Rh8 44. Kd4 Ka7 45. b5 axb5 46. axb5 Bf3 47.
Rc7 Bxg4 48. Rxf7 g5 49. Rdd7 Rb8 50. Kc5 Bf5 51. b6+ Ka8 52. Rd4 Rc8+ 53. Rc7
Rg8 54. Rcd7 Rc8+ 55. Rc7 Rg8 56. fxg5 hxg5 57. Rcd7 Rc8+ 58. Kb5 Kb8 59. Rd8
Bh3 60. Rxc8+ Kxc8 61. Kc5 Bf5 62. Kd6 Kd8 63. Ra4 Ke8 64. Kc7 1-0

[Event "43. Olimpiada Batumi 2018 Femenina"]
[Site "Batumi GEO"]
[Date "2018.10.01"]
[Round "7.4"]
[White "Nassr, Lina"]
[Black "Limanovska, Elizabete"]
[Result "0-1"]
[WhiteElo "1854"]
[BlackElo "2064"]
[PlyCount "160"]
[EventDate "2018.09.24"]
[EventType "team-swiss"]
[EventRounds "11"]
[EventCountry "GEO"]
[SourceTitle "Ajedrez en Madrid"]
[Source "lmi"]
[SourceDate "2018.09.24"]
[WhiteTeam "Algeria"]
[BlackTeam "Latvia"]
[WhiteTeamCountry "ALG"]
[BlackTeamCountry "LAT"]

1. d4 Nf6 2. Nf3 e6 3. e3 b6 4. Bd3 Bb7 5. b3 c5 6. Bb2 g6 7. c4 Bg7 8. O-O O-O
9. Nc3 Nc6 10. Rc1 d6 11. Qe2 Qe7 12. Rfd1 Ne8 13. Bb1 f5 14. d5 Ne5 15. Nxe5
Bxe5 16. dxe6 Qxe6 17. Nd5 Rd8 18. Rc2 Nf6 19. Nxf6+ Qxf6 20. Bxe5 Qxe5 21.
Rcd2 Rf6 22. Re1 Re8 23. f3 Rfe6 24. Qf2 Qf6 25. Bd3 Kg7 26. Rde2 Qc3 27. Rd1
Bc6 28. Qe1 Qf6 29. Qd2 Qe7 30. Kf2 a6 31. Rde1 b5 32. cxb5 axb5 33. Qc3+ Kg8
34. Qc2 d5 35. Qc3 c4 36. bxc4 dxc4 37. Bc2 Qc5 38. a3 f4 39. Kf1 fxe3 40. Qb4
Qxb4 41. axb4 Kf7 42. Ra1 R8e7 43. Ra3 Kf6 44. Bd1 Bd5 45. Re1 Re5 46. g3 g5
47. Ra6+ Kg7 48. Ra3 Bf7 49. Bc2 Bd5 50. Bd1 h5 51. h4 gxh4 52. gxh4 Kf6 53.
Ra6+ R7e6 54. Ra3 Kf5 55. Kg2 Kf4 56. Be2 Rg6+ 57. Kh2 Re7 58. Bd1 Reg7 59.
Raxe3 Rg2+ 60. Kh1 R2g3 61. Kh2 Bxf3 62. Bxf3 Rxf3 63. Re4+ Kf5 64. Re5+ Kf6
65. Rxb5 Rc7 66. Rc5 Rxc5 67. bxc5 Rf5 68. c6 Rc5 69. Kg3 Rxc6 70. Kf4 c3 71.
Rc1 Rc4+ 72. Kg3 c2 73. Kf3 Kf5 74. Kg3 Rc3+ 75. Kf2 Kg4 76. Ke2 Kxh4 77. Kf2
Kg4 78. Rg1+ Kf4 79. Rc1 h4 80. Kg2 Ke3 0-1

[Event "43. Olimpiada Batumi 2018 Femenina"]
[Site "Batumi GEO"]
[Date "2018.10.01"]
[Round "7.1"]
[White "Berend, Elvira"]
[Black "Olsarova, Karolina"]
[Result "1/2-1/2"]
[WhiteElo "2300"]
[BlackElo "2303"]
[PlyCount "62"]
[EventDate "2018.09.24"]
[EventType "team-swiss"]
[EventRounds "11"]
[EventCountry "GEO"]
[SourceTitle "Ajedrez en Madrid"]
[Source "lmi"]
[SourceDate "2018.09.24"]
[WhiteTeam "Luxembourg"]
[BlackTeam "Czech Republic"]
[WhiteTeamCountry "LUX"]
[BlackTeamCountry "CZE"]

1. d4 d5 2. c4 c6 3. Nf3 Nf6 4. Qb3 e6 5. g3 Bd6 6. Bg2 O-O 7. O-O Nbd7 8. Nc3
dxc4 9. Qxc4 e5 10. dxe5 Nxe5 11. Nxe5 Bxe5 12. e4 Be6 13. Qe2 Qc8 14. Be3 Bh3
15. f3 Bxg2 16. Kxg2 Qe6 17. Rfd1 b6 18. Bd4 Rad8 19. Bxe5 Qxe5 20. Rxd8 Rxd8
21. Rd1 Rxd1 22. Qxd1 Qe7 23. Qd4 Qd7 24. Qxd7 Nxd7 25. Kf2 Kf8 26. f4 Ke7 27.
Ke3 f6 28. Kd4 Kd6 29. Nd1 Nf8 30. Nc3 Ne6+ 31. Kd3 Nc5+ 1/2-1/2

[Event "43. Olimpiada Batumi 2018 Femenina"]
[Site "Batumi GEO"]
[Date "2018.10.01"]
[Round "7.2"]
[White "Worek, Joanna"]
[Black "Aghabekian, Liana"]
[Result "1-0"]
[WhiteElo "2295"]
[BlackElo "2188"]
[PlyCount "115"]
[EventDate "2018.09.24"]
[EventType "team-swiss"]
[EventRounds "11"]
[EventCountry "GEO"]
[SourceTitle "Ajedrez en Madrid"]
[Source "lmi"]
[SourceDate "2018.09.24"]
[WhiteTeam "Czech Republic"]
[BlackTeam "Luxembourg"]
[WhiteTeamCountry "CZE"]
[BlackTeamCountry "LUX"]

1. e4 e5 2. Nf3 Nc6 3. Bc4 Bc5 4. O-O Nf6 5. d3 d6 6. a4 a6 7. c3 Ba7 8. Re1 h6
9. b4 Be6 10. Na3 O-O 11. Bxe6 fxe6 12. Be3 Bxe3 13. Rxe3 Qe8 14. h3 Qg6 15. b5
Ne7 16. Nc4 Nh5 17. b6 Nf4 18. Ne1 cxb6 19. Nxd6 Nc6 20. Rb1 b5 21. axb5 axb5
22. Ra1 Rxa1 23. Qxa1 b4 24. Kh2 bxc3 25. Qxc3 Nd4 26. Qc5 Qf6 27. Nc4 Nfe2 28.
Nf3 Qf4+ 29. Kh1 Nxf3 30. gxf3 Nd4 31. Nxe5 Rd8 32. Qb6 Qh4 33. Kg2 Qg5+ 34.
Kf1 Qh4 35. f4 Nc6 36. Nxc6 bxc6 37. Qxc6 Qxf4 38. Qxe6+ Kh8 39. Qg4 Qe5 40.
Rf3 Qd4 41. Qe6 Rd6 42. Qc8+ Kh7 43. Qf5+ Kh8 44. Kg2 Rb6 45. Qc8+ Kh7 46. Qc4
Qa1 47. d4 Rb1 48. Kg3 Rc1 49. Qd5 Rd1 50. Qf5+ Kh8 51. d5 Rg1+ 52. Kh4 Rg5 53.
Qc8+ Kh7 54. Rf8 Qe5 55. Rh8+ Kg6 56. Qe8+ Qxe8 57. Rxe8 Rg2 58. d6 1-0

[Event "43. Olimpiada Batumi 2018 Femenina"]
[Site "Batumi GEO"]
[Date "2018.10.01"]
[Round "7.3"]
[White "Steil-Antoni, Fiona"]
[Black "Petrova, Kristyna"]
[Result "1/2-1/2"]
[WhiteElo "2143"]
[BlackElo "2248"]
[PlyCount "64"]
[EventDate "2018.09.24"]
[EventType "team-swiss"]
[EventRounds "11"]
[EventCountry "GEO"]
[SourceTitle "Ajedrez en Madrid"]
[Source "lmi"]
[SourceDate "2018.09.24"]
[WhiteTeam "Luxembourg"]
[BlackTeam "Czech Republic"]
[WhiteTeamCountry "LUX"]
[BlackTeamCountry "CZE"]

1. e4 c5 2. c3 Nf6 3. e5 Nd5 4. d4 cxd4 5. cxd4 Nc6 6. Nc3 Nxc3 7. bxc3 d6 8.
f4 e6 9. Nf3 Be7 10. Bd3 g6 11. O-O d5 12. Qe1 Qc7 13. Kh1 Bd7 14. Be3 Na5 15.
Rb1 O-O-O 16. Qe2 Kb8 17. Rfc1 Rc8 18. Nd2 Ba3 19. Rc2 Nc4 20. Nxc4 dxc4 21.
Be4 Bc6 22. Bc1 Bxc1 23. Rcxc1 Bxe4 24. Qxe4 Qc6 25. Qe2 Rhd8 26. Rb4 Rd5 27.
Rcb1 b6 28. a4 Ra5 29. Qc2 h5 30. Kg1 Rd5 31. Qe4 Ra5 32. Qc2 Rd5 1/2-1/2

[Event "43. Olimpiada Batumi 2018 Femenina"]
[Site "Batumi GEO"]
[Date "2018.10.01"]
[Round "7.4"]
[White "Sikorova, Olga"]
[Black "Blond Hanten, Elsa"]
[Result "1-0"]
[WhiteElo "2276"]
[BlackElo "1635"]
[PlyCount "101"]
[EventDate "2018.09.24"]
[EventType "team-swiss"]
[EventRounds "11"]
[EventCountry "GEO"]
[SourceTitle "Ajedrez en Madrid"]
[Source "lmi"]
[SourceDate "2018.09.24"]
[WhiteTeam "Czech Republic"]
[BlackTeam "Luxembourg"]
[WhiteTeamCountry "CZE"]
[BlackTeamCountry "LUX"]

1. c4 Nf6 2. Nc3 d5 3. cxd5 Nxd5 4. g3 g6 5. Bg2 Nb6 6. d3 Bg7 7. Be3 Nc6 8.
Bxc6+ bxc6 9. Qc1 h6 10. h3 Be6 11. Kf1 Nd5 12. Bd2 Rb8 13. Nf3 Qd7 14. Kg2 g5
15. Na4 Qd6 16. a3 Bd7 17. Rb1 O-O 18. e4 Nb6 19. Bb4 Qf6 20. Bc3 Qd6 21. Bb4
Qf6 22. Nc5 Bxh3+ 23. Rxh3 g4 24. Rh2 Qxf3+ 25. Kg1 Qf6 26. Bd2 Kh7 27. b4 Rfd8
28. Rb3 Nd7 29. Bg5 Qd6 30. Bf4 Ne5 31. Bxe5 Qxe5 32. Rh4 h5 33. Qc4 e6 34. Qa6
Bf8 35. Nb7 Rdc8 36. Qxc6 Be7 37. Rh1 Kg6 38. Na5 Bf6 39. Nc4 Qd4 40. Kg2 Be5
41. Nxe5+ Qxe5 42. Qc3 Qb5 43. d4 Qb7 44. Qe3 Rd8 45. f3 f5 46. exf5+ exf5 47.
Qe6+ Kg7 48. Rxh5 Qd5 49. Rg5+ Kh7 50. Qg6+ Kh8 51. Qg7# 1-0

[Event "43. Olimpiada Batumi 2018 Femenina"]
[Site "Batumi GEO"]
[Date "2018.10.01"]
[Round "7.1"]
[White "Shabanaj, Eglantina"]
[Black "Socko, Monika"]
[Result "0-1"]
[WhiteElo "1953"]
[BlackElo "2446"]
[PlyCount "72"]
[EventDate "2018.09.24"]
[EventType "team-swiss"]
[EventRounds "11"]
[EventCountry "GEO"]
[SourceTitle "Ajedrez en Madrid"]
[Source "lmi"]
[SourceDate "2018.09.24"]
[WhiteTeam "Albania"]
[BlackTeam "Poland"]
[WhiteTeamCountry "ALB"]
[BlackTeamCountry "POL"]

1. d4 Nf6 2. Nf3 e6 3. c3 b6 4. e3 Bb7 5. Bd3 c5 6. Nbd2 Nc6 7. Qe2 Qc7 8. O-O
h6 9. Re1 Be7 10. Nf1 d5 11. Ng3 h5 12. h4 Bd6 13. Nf1 O-O 14. Ng5 e5 15. dxc5
bxc5 16. e4 d4 17. Ng3 g6 18. Bd2 Bc8 19. Rf1 Rb8 20. Rab1 Rb6 21. f3 Kg7 22.
Bc1 c4 23. Bxc4 dxc3 24. b3 Nd4 25. Qd3 c2 26. Rb2 Ba3 27. f4 exf4 28. Bxf4
Qxf4 29. Rxc2 Qxh4 30. Qxd4 Qxg5 31. e5 Qxg3 32. exf6+ Kh7 33. Bxf7 Rxf7 34.
Rxc8 Bd6 35. Rc3 Qh2+ 36. Kf2 Be5 0-1

[Event "43. Olimpiada Batumi 2018 Femenina"]
[Site "Batumi GEO"]
[Date "2018.10.01"]
[Round "7.2"]
[White "Zawadzka, Jolanta"]
[Black "Shabanaj, Alda"]
[Result "1-0"]
[WhiteElo "2424"]
[BlackElo "1853"]
[PlyCount "45"]
[EventDate "2018.09.24"]
[EventType "team-swiss"]
[EventRounds "11"]
[EventCountry "GEO"]
[SourceTitle "Ajedrez en Madrid"]
[Source "lmi"]
[SourceDate "2018.09.24"]
[WhiteTeam "Poland"]
[BlackTeam "Albania"]
[WhiteTeamCountry "POL"]
[BlackTeamCountry "ALB"]

1. e4 d6 2. d4 Nf6 3. Nc3 g6 4. f4 Bg7 5. Nf3 O-O 6. Bd3 c5 7. dxc5 dxc5 8. e5
Nd5 9. Nxd5 Qxd5 10. Qe2 Nc6 11. Be4 Qd8 12. Be3 Qa5+ 13. c3 Bg4 14. O-O Rad8
15. Qc4 Qb6 16. b4 a5 17. Bxc5 Qc7 18. Be3 axb4 19. cxb4 Be6 20. Qc5 f5 21. Ng5
Qd7 22. Bf3 h6 23. Rad1 1-0

[Event "43. Olimpiada Batumi 2018 Femenina"]
[Site "Batumi GEO"]
[Date "2018.10.01"]
[Round "7.3"]
[White "Tuzi, Bruna"]
[Black "Szczepkowska, Karina"]
[Result "0-1"]
[WhiteElo "1813"]
[BlackElo "2407"]
[PlyCount "26"]
[EventDate "2018.09.24"]
[EventType "team-swiss"]
[EventRounds "11"]
[EventCountry "GEO"]
[SourceTitle "Ajedrez en Madrid"]
[Source "lmi"]
[SourceDate "2018.09.24"]
[WhiteTeam "Albania"]
[BlackTeam "Poland"]
[WhiteTeamCountry "ALB"]
[BlackTeamCountry "POL"]

1. e4 e5 2. Nf3 Nc6 3. Bc4 Nf6 4. O-O Nxe4 5. Re1 d5 6. Bb5 Bc5 7. d4 exd4 8.
Ng5 O-O 9. Rxe4 dxe4 10. Qh5 Bf5 11. Nxf7 Rxf7 12. Bc4 Qf6 13. g4 Be6 0-1

[Event "43. Olimpiada Batumi 2018 Femenina"]
[Site "Batumi GEO"]
[Date "2018.10.01"]
[Round "7.4"]
[White "Kulon, Klaudia"]
[Black "Kerciku, Suzana"]
[Result "1-0"]
[WhiteElo "2347"]
[BlackElo "1573"]
[PlyCount "71"]
[EventDate "2018.09.24"]
[EventType "team-swiss"]
[EventRounds "11"]
[EventCountry "GEO"]
[SourceTitle "Ajedrez en Madrid"]
[Source "lmi"]
[SourceDate "2018.09.24"]
[WhiteTeam "Poland"]
[BlackTeam "Albania"]
[WhiteTeamCountry "POL"]
[BlackTeamCountry "ALB"]

1. e4 c5 2. Nf3 e6 3. d4 cxd4 4. Nxd4 a6 5. Bd3 Qc7 6. O-O Nc6 7. Nxc6 bxc6 8.
Qe2 d6 9. c4 Nf6 10. Kh1 Be7 11. f4 d5 12. e5 Nd7 13. Nc3 O-O 14. b3 Nc5 15.
cxd5 Nxd3 16. Qxd3 cxd5 17. Bb2 Bb7 18. Rac1 Qa5 19. a3 Rad8 20. b4 Qb6 21. Na4
Qa7 22. Bd4 Qb8 23. Nb6 Rfe8 24. f5 Bg5 25. Rce1 Bc8 26. f6 gxf6 27. exf6 Kh8
28. Re5 Rg8 29. h4 Bh6 30. Rh5 Rg6 31. Qxg6 hxg6 32. Rxh6+ Kg8 33. h5 Qg3 34.
hxg6 Qg5 35. gxf7+ Kxf7 36. Rh7+ 1-0

[Event "43. Olimpiada Batumi 2018 Femenina"]
[Site "Batumi GEO"]
[Date "2018.10.01"]
[Round "7.1"]
[White "Baciu, Diana"]
[Black "Unuk, Laura"]
[Result "1-0"]
[WhiteElo "2266"]
[BlackElo "2299"]
[PlyCount "111"]
[EventDate "2018.09.24"]
[EventType "team-swiss"]
[EventRounds "11"]
[EventCountry "GEO"]
[SourceTitle "Ajedrez en Madrid"]
[Source "lmi"]
[SourceDate "2018.09.24"]
[WhiteTeam "Moldova"]
[BlackTeam "Slovenia"]
[WhiteTeamCountry "MDA"]
[BlackTeamCountry "SLO"]

1. e4 e5 2. Nf3 Nc6 3. Bc4 Bc5 4. O-O Nf6 5. d3 d6 6. c3 a6 7. Bb3 Ba7 8. Nbd2
O-O 9. h3 h6 10. Nh2 Be6 11. Bc2 Ne7 12. Ndf3 Ng6 13. d4 Qc8 14. Re1 Nh7 15. h4
Nf6 16. h5 Nxh5 17. dxe5 dxe5 18. Nxe5 Nhf4 19. Nxg6 fxg6 20. Be3 Bb8 21. e5 c5
22. Bxf4 Rxf4 23. Bxg6 Qf8 24. Qd2 c4 25. g3 Rxf2 26. Qxf2 Ba7 27. Re3 Qc5 28.
Nf1 Rf8 29. Qe2 Qxe5 30. Kh2 Bxe3 31. Nxe3 b5 32. Re1 Bc8 33. Ng2 Qd6 34. Qe4
Qd7 35. Nf4 Rf6 36. Qe8+ Qxe8 37. Rxe8+ Rf8 38. Bh7+ Kf7 39. Bg6+ Kg8 40. Rxf8+
Kxf8 41. Kg2 Bb7+ 42. Kf2 Ke7 43. Ke3 Kd6 44. Kd4 Bc8 45. Nh5 Ke6 46. g4 Ke7
47. Bf5 Bb7 48. Ke5 g5 49. Nf6 Kf7 50. Ne4 Ke7 51. Nc5 Bf3 52. Nxa6 h5 53. gxh5
Bxh5 54. Nc7 Bd1 55. Nxb5 g4 56. Kf4 1-0

[Event "43. Olimpiada Batumi 2018 Femenina"]
[Site "Batumi GEO"]
[Date "2018.10.01"]
[Round "7.2"]
[White "Janzelj, Lara"]
[Black "Hincu, Olga"]
[Result "1-0"]
[WhiteElo "2254"]
[BlackElo "2124"]
[PlyCount "69"]
[EventDate "2018.09.24"]
[EventType "team-swiss"]
[EventRounds "11"]
[EventCountry "GEO"]
[SourceTitle "Ajedrez en Madrid"]
[Source "lmi"]
[SourceDate "2018.09.24"]
[WhiteTeam "Slovenia"]
[BlackTeam "Moldova"]
[WhiteTeamCountry "SLO"]
[BlackTeamCountry "MDA"]

1. d4 d5 2. c4 e6 3. Nf3 Nf6 4. g3 Be7 5. Bg2 O-O 6. O-O Nbd7 7. Qc2 c6 8. Rd1
b6 9. b3 Bb7 10. Nc3 Rc8 11. Bf4 Nh5 12. Bd2 c5 13. cxd5 exd5 14. Bh3 Nhf6 15.
Be3 c4 16. Ne5 Bb4 17. Rac1 Qe7 18. bxc4 dxc4 19. Qf5 Rcd8 20. Bg5 Nxe5 21.
dxe5 Bxc3 22. Rxd8 Qxd8 23. exf6 g6 24. Qf4 Qd5 25. e4 Qd4 26. Bg2 b5 27. Bf3
Rd8 28. Qc7 h6 29. Be3 Qxf6 30. Rxc3 Re8 31. Rc1 Bxe4 32. Bxe4 Rxe4 33. Qb8+
Kg7 34. Qxb5 c3 35. Qd3 1-0

[Event "43. Olimpiada Batumi 2018 Femenina"]
[Site "Batumi GEO"]
[Date "2018.10.01"]
[Round "7.3"]
[White "Partac, Elena"]
[Black "Krivec, Jana"]
[Result "0-1"]
[WhiteElo "2051"]
[BlackElo "2185"]
[PlyCount "102"]
[EventDate "2018.09.24"]
[EventType "team-swiss"]
[EventRounds "11"]
[EventCountry "GEO"]
[SourceTitle "Ajedrez en Madrid"]
[Source "lmi"]
[SourceDate "2018.09.24"]
[WhiteTeam "Moldova"]
[BlackTeam "Slovenia"]
[WhiteTeamCountry "MDA"]
[BlackTeamCountry "SLO"]

1. e4 e5 2. Bc4 Nf6 3. d3 c6 4. Nf3 Be7 5. O-O d6 6. h3 O-O 7. Bb3 h6 8. c3
Nbd7 9. Re1 Nh7 10. d4 Ng5 11. Nxg5 Bxg5 12. Bxg5 Qxg5 13. Nd2 Nb6 14. Re3 Qe7
15. Qh5 Kh7 16. Rae1 a5 17. a4 g6 18. Qd1 Be6 19. Qc2 c5 20. Bxe6 Qxe6 21. d5
Qd7 22. Qb3 Nxa4 23. Ra1 b5 24. c4 Nb6 25. Qxb5 Qxb5 26. cxb5 a4 27. b3 axb3
28. Rxa8 Rxa8 29. Rxb3 Ra2 30. Nb1 f5 31. Nc3 c4 32. Rb1 Rc2 33. Nd1 fxe4 34.
Ne3 Rc3 35. Kf1 Rb3 36. Ra1 Rxb5 37. Ra7+ Kg8 38. Rb7 c3 39. Rb8+ Kf7 40. Rb7+
Ke8 41. Ke2 Rb2+ 42. Kd1 Nxd5 43. Rh7 Rd2+ 44. Kc1 Nxe3 45. fxe3 Rxg2 46. Rxh6
d5 47. h4 d4 48. h5 d3 49. Kb1 Rg1+ 50. Ka2 c2 51. Rh8+ Kd7 0-1

[Event "43. Olimpiada Batumi 2018 Femenina"]
[Site "Batumi GEO"]
[Date "2018.10.01"]
[Round "7.4"]
[White "Vidic, Teja"]
[Black "Gitu, Paula-Alexandra"]
[Result "0-1"]
[WhiteElo "2116"]
[BlackElo "2026"]
[PlyCount "104"]
[EventDate "2018.09.24"]
[EventType "team-swiss"]
[EventRounds "11"]
[EventCountry "GEO"]
[SourceTitle "Ajedrez en Madrid"]
[Source "lmi"]
[SourceDate "2018.09.24"]
[WhiteTeam "Slovenia"]
[BlackTeam "Moldova"]
[WhiteTeamCountry "SLO"]
[BlackTeamCountry "MDA"]

1. e4 d5 2. exd5 Qxd5 3. Nc3 Qd6 4. d4 Nf6 5. Nf3 Bg4 6. h3 Bh5 7. g4 Bg6 8.
Ne5 Nbd7 9. Bf4 Nd5 10. Nxg6 Qxg6 11. Nxd5 Qe4+ 12. Be3 Qxd5 13. Rg1 e6 14. Qd3
c6 15. Bg2 Qa5+ 16. Bd2 Qb6 17. O-O-O Bd6 18. c4 Qc7 19. Bc3 O-O-O 20. Kb1 c5
21. Rge1 h5 22. g5 Bf4 23. Qf3 Bxg5 24. Qxf7 Rdf8 25. Qxe6 Rxf2 26. Qd5 Bf6 27.
Bh1 Nb6 28. Qe6+ Kb8 29. Re4 Na4 30. Re2 Rxe2 31. Qxe2 Rd8 32. Be1 Bxd4 33. Qf3
Qb6 34. b3 Re8 35. Qf7 Rc8 36. Ba5 Nc3+ 37. Kc2 Qa6 38. Bxc3 Qxa2+ 39. Kd3 Qxb3
40. Rc1 Bxc3 41. Qxb7+ Qxb7 42. Bxb7 Kxb7 43. Kxc3 g5 44. Rf1 g4 45. hxg4 hxg4
46. Rf7+ Rc7 47. Rf5 Rg7 48. Rxc5 g3 49. Rb5+ Kc6 50. Rb1 g2 51. Rg1 Kc5 52.
Kd3 a5 0-1

[Event "43. Olimpiada Batumi 2018 Femenina"]
[Site "Batumi GEO"]
[Date "2018.10.01"]
[Round "7.1"]
[White "Atalik, Ekaterina"]
[Black "Houska, Jovanka"]
[Result "1/2-1/2"]
[WhiteElo "2447"]
[BlackElo "2402"]
[PlyCount "90"]
[EventDate "2018.09.24"]
[EventType "team-swiss"]
[EventRounds "11"]
[EventCountry "GEO"]
[SourceTitle "Ajedrez en Madrid"]
[Source "lmi"]
[SourceDate "2018.09.24"]
[WhiteTeam "Turkey"]
[BlackTeam "England"]
[WhiteTeamCountry "TUR"]
[BlackTeamCountry "ENG"]

1. d4 d5 2. c4 c6 3. Nf3 Nf6 4. Nc3 e6 5. g3 Be7 6. Bg2 b6 7. O-O Ba6 8. b3 O-O
9. Nd2 b5 10. c5 Nfd7 11. Nf3 b4 12. Na4 Bb5 13. Bf4 a5 14. Qc2 Na6 15. h4 h6
16. Qd2 Re8 17. Bh3 Nf6 18. Ne5 Ne4 19. Qc2 Bxh4 20. Nb6 Ra7 21. Bg2 Bf6 22.
Bxe4 dxe4 23. Qxe4 Bxe5 24. Bxe5 Nc7 25. Bxc7 Qxc7 26. Rfc1 f5 27. Qf3 Qf7 28.
Nc4 Bxc4 29. Rxc4 Qd7 30. a3 bxa3 31. Rxa3 e5 32. e3 Rb7 33. dxe5 Rxe5 34. Rd4
Qe7 35. Rxa5 Rxc5 36. Ra8+ Kh7 37. b4 Rc1+ 38. Kh2 Qe6 39. Rf8 Rb5 40. Rfd8 Rc2
41. R8d6 Qe7 42. Rd7 Qe6 43. Rc7 Rc4 44. Rxc4 Qxc4 45. Rxc6 Qxb4 1/2-1/2

[Event "43. Olimpiada Batumi 2018 Femenina"]
[Site "Batumi GEO"]
[Date "2018.10.01"]
[Round "7.2"]
[White "Kalaiyalahan, Akshaya"]
[Black "Ozturk, Kubra"]
[Result "0-1"]
[WhiteElo "2253"]
[BlackElo "2345"]
[PlyCount "118"]
[EventDate "2018.09.24"]
[EventType "team-swiss"]
[EventRounds "11"]
[EventCountry "GEO"]
[SourceTitle "Ajedrez en Madrid"]
[Source "lmi"]
[SourceDate "2018.09.24"]
[WhiteTeam "England"]
[BlackTeam "Turkey"]
[WhiteTeamCountry "ENG"]
[BlackTeamCountry "TUR"]

1. Nf3 d5 2. g3 Nf6 3. Bg2 e6 4. O-O b5 5. d3 Be7 6. c4 b4 7. a3 bxa3 8. Nxa3
O-O 9. cxd5 exd5 10. d4 Nbd7 11. Nb5 c6 12. Nc3 Re8 13. Qc2 Bf8 14. Na4 Ba6 15.
Re1 Bb5 16. b3 Ne4 17. Ba3 Bxa3 18. Rxa3 Qf6 19. e3 g5 20. Nc3 g4 21. Nxe4 dxe4
22. Nd2 Qe7 23. Qxe4 Qxa3 24. Qxg4+ Kf8 25. Qxd7 Qb4 26. Nf3 Qxb3 27. Ng5 h6
28. Qd6+ Kg7 29. Ne4 Qe6 30. Qc5 Red8 31. Nc3 Qc4 32. Nxb5 Qxc5 33. dxc5 cxb5
34. Bxa8 Rxa8 35. c6 Kf6 36. c7 Ke7 37. Rb1 a6 38. Rc1 Kd7 39. Kf1 b4 40. Rc5
Kc8 41. g4 a5 42. Ke2 a4 43. Kd2 a3 44. Rc1 b3 45. Kc3 b2 46. Rd1 Kxc7 47. Kb3
Kc6 48. Ka2 Kc5 49. h4 Kc4 50. f4 Kc3 51. g5 Kc2 52. Rh1 Rb8 53. Rh2+ Kd3 54.
Rh1 hxg5 55. fxg5 Rc8 56. Kb1 Kc3 57. Ka2 Kb4 58. h5 Rc1 59. Rh4+ Kc3 0-1

[Event "43. Olimpiada Batumi 2018 Femenina"]
[Site "Batumi GEO"]
[Date "2018.10.01"]
[Round "7.3"]
[White "Yildiz Kadioglu, Betul Cemre"]
[Black "Ciuksyte, Dagne"]
[Result "1/2-1/2"]
[WhiteElo "2287"]
[BlackElo "2308"]
[PlyCount "83"]
[EventDate "2018.09.24"]
[EventType "team-swiss"]
[EventRounds "11"]
[EventCountry "GEO"]
[SourceTitle "Ajedrez en Madrid"]
[Source "lmi"]
[SourceDate "2018.09.24"]
[WhiteTeam "Turkey"]
[BlackTeam "England"]
[WhiteTeamCountry "TUR"]
[BlackTeamCountry "ENG"]

1. e4 c5 2. Nf3 e6 3. d4 cxd4 4. Nxd4 a6 5. c4 Nf6 6. Nc3 Qc7 7. a3 b6 8. Be3
Bb7 9. f3 d6 10. Be2 Be7 11. O-O O-O 12. Rc1 Nbd7 13. b4 Rac8 14. Nb3 Qb8 15.
Qd2 Rfe8 16. Rfd1 Bc6 17. Kh1 h6 18. Rb1 Ne5 19. c5 dxc5 20. bxc5 Red8 21. Qe1
Rxd1 22. Qxd1 Bb7 23. Na4 b5 24. Nb6 Rd8 25. Qc2 Nc6 26. a4 bxa4 27. Nxa4 Nh5
28. Nd2 Bg5 29. Qc3 Qc7 30. Nc4 Bxe3 31. Qxe3 Nd4 32. Bf1 Bc6 33. Nc3 Bb5 34.
Nd6 e5 35. Ncxb5 axb5 36. Bxb5 Rb8 37. Qa3 Nf4 38. Bd3 Nxd3 39. Rxb8+ Qxb8 40.
Qxd3 Qb4 41. Qd1 Qxc5 42. Nf5 1/2-1/2